A-Z: names ending in U - Statistics

General Stats
  • This quiz has been taken 26 times
  • The average score is 12 of 26
Answer Stats
Initial letter Clue Name ending in U % Correct
H Japan's main island Honshu
88%
P Pacific island nation Palau
88%
B The capital of Azerbaijan Baku
85%
O Hawaiian island where Honolulu is located Oahu
81%
U Aboriginal name for Ayers Rock Uluru
77%
V Archipelago whose capital is Port Vila Vanuatu
73%
G The main city in the world's largest metropolis, in southern China Guangzhou
62%
A Proprietor of the Kwik-e-Mart in The Simpsons Apu
58%
J French ocean explorer, conservationist and filmmaker Jacques Cousteau
58%
N The first prime minister of India Nehru
54%
I Waterfall bordering Brazil and Argentina Iguazu
46%
K Japanese island where Fukuoka and Nagasaki are situated Kyushu
46%
R British-Romanian tennis player Emma Raducanu
46%
C Monster in a 1928 H. P. Lovecraft story, a name adapted for a Metallica song title from Ride The Lightning Cthulhu
42%
D Japanese automobile manufacturer from Osaka Daihatsu
42%
S Borough of Berlin, formerly known for its prison, whose name was used in the title of a British 1980s pop group Spandau
42%
L 1960s Glaswegian pop singer who did a cover of "Shout" Lulu
38%
M The capital of Lesotho Maseru
31%
W Sensei character in Ninjago; and a language of the Shanghai region Wu
27%
F Fuzz-rock band, and fictional supervillain, whose name refers to an empire of north-east China Fu Manchu
19%
T Pittsburgh Steelers safety phenomenon of 2003-15 Troy Polamalu
19%
X City in Jiangsu province, China Xuzhou
15%
Z Saxon city where the East German Trabant car was manufactured Zwickau
15%
E City and state of Nigeria Enugu
8%
Q Another Chinese city Quzhou
8%
Y River forming the border of China and North Korea Yalu
8%
No matching quizzes found
Score Distribution
Percent of People with Each Score
Percentile by Number Answered
Your Score History
You have not taken this quiz